Cultura Generale #7 - Statistics

Statistiche generali
  • Questo quiz è stato fatto 369 volte
  • Il punteggio medio è 15 su 20
Statistiche sulle risposte
Domande Risposte % Corretto
Con quanti zeri si scrive cento miliardi? 11
97%
Quanti sono i denti del giudizio? 4
95%
In quale città si trova Wall Street? New York
91%
Qual è il testo sacro dei mussulmani? Corano
90%
Di quante specialità sportive si compone il pentathlon? 5
88%
In quale parte del corpo si trova la rotula? Ginocchio
87%
Cos'è il maestrale? Vento
87%
Quale mostro secondo la mitologia greca fu rinchiuso da Minosse nel Labirinto? Minotauro
85%
Qual era il titolo nobiliare di Cavour? Conte
84%
ll fuco è il maschio di quale animale? Ape
76%
Chi fu l'astronomo che per primo dichiarò che la Terra gira intorno al sole? Nicolò Copernico
74%
A quale stato appartengono i fiamminghi? Belgio
72%
Come si chiama la gara di atletica leggera che si compone di 10 specialità? Decathlon
72%
Che specie di animale è il calamaro? Mollusco
72%
Che specie di insetto è la falena? Farfalla
65%
In quale città si trova piazza San Babila? Milano
62%
Di quale nazione è cittadino l'apolide? Nessuna
56%
Qual è il titolo del trattato di buone maniere scritto da Monsignor della Casa? Galateo
54%
In quale città vivono i rodigini? Rovigo
49%
In quale città si trova l'Accademia di Santa Cecilia? Roma
39%
Nessun quiz corrispondente trovato
Distribuzione punteggi
Percentuale di utenti per punteggio
Percentile per numero di risposta
I tuoi punteggi nel tempo
Non hai fatto questo quiz